书目信息 |
| 书名: | Linguistic semantics | |
| 作者: | John Lyons著 ; 汪榕培导读. | |
| 分册号: | ||
| 分册名: | 出版地: | 北京 : |
|
| 出版社: | 外语教学与研究出版社 | |
| 出版时间: | 2000. | |
| 页数: | F37, 381 p. : | |
| 开本: | 23 cm. | |
| 丛书名: | 当代国外语言学与应用语言学文库 | |
| 中图分类号: | ||
| 科图分类号: | ||
| 其他分类号: | H030 | |
| 主题词: | ||
| 电子资源: | ||
| 000 | 02061nam a2200817 a 45 | |
| 001 | E0738457836 | |
| 003 | CAL | |
| 005 | 20070819104323.45 | |
| 008 | 060404r20001995cc a rb 001 0 eng d | |
| 020 | @a7560019706 :@cCNY35.90. | |
| 040 | @aECNU@cECN | |
| 050 | 4 | @aP325@b.L9595 1995 |
| 082 | 04 | @a401/.43@220 |
| 090 | @aH030 | |
| 093 | @aH030@24 | |
| 099 | @dH030@ex172 | |
| 100 | 1 | @aLyons, John,@d1932- |
| 245 | 10 | @aLinguistic semantics :@ban introduction = 语义学引论 / @cJohn Lyons著 ; 汪榕培导读. |
| 246 | 31 | @a语义学引论 |
| 260 | @a北京 :@b外语教学与研究出版社,@c2000. | |
| 300 | @aF37, 381 p. :@bill. ;@c23 cm. | |
| 440 | 0 | @a当代国外语言学与应用语言学文库 |
| 504 | @aIncludes bibliographical references (p. 343-359) and index. | |
| 534 | @pReprint. Originally published:@cCambrdige : Cambridge University Press, c1995. | |
| 650 | 0 | @aSemantics. |
| 700 | 1 | @aWang, Rongpei@9(汪榕培) |
| 920 | @a211010@z1 | |
| 920 | @a231220@z2 | |
| 920 | @a244050@z2 | |
| 920 | @a243160@z1 | |
| 920 | @a211030@z2 | |
| 920 | @a222220@z1 | |
| 920 | @a244020@z2 | |
| 920 | @a242120@z2 | |
| 920 | @a214010@z2 | |
| 920 | @a212010@z2 | |
| 920 | @a242020@z1 | |
| 920 | @a231010@z1 | |
| 920 | @a211050@z2 | |
| 920 | @a237385@z2 | |
| 920 | @a211260@z1 | |
| 920 | @a211162@z1 | |
| 920 | @a246010@z1 | |
| 920 | @a244010@z1 | |
| 920 | @a236010@z2 | |
| 920 | @a221020@z1 | |
| 920 | @a223140@z1 | |
| 920 | @a232010@z1 | |
| 920 | @a237010@z1 | |
| 920 | @a211060@z1 | |
| 920 | @a215010@z1 | |
| 920 | @a246060@z0 | |
| 920 | @a251430@z2 | |
| 920 | @a241061@z1 | |
| 920 | @a241420@z2 | |
| 920 | @a211270@z1 | |
| 920 | @a222020@z2 | |
| 920 | @a221060@z1 | |
| 920 | @a211340@z1 | |
| 920 | @a211390@z1 | |
| 920 | @a242250@z2 | |
| 920 | @a246040@z1 | |
| 920 | @a237020@z1 | |
| 920 | @a242030@z2 | |
| 920 | @a242010@z1 | |
| 920 | @a251050@z1 | |
| 920 | @a211070@z1 | |
| 920 | @a261020@z1 | |
| 920 | @a211410@z1 | |
| 920 | @a231280@z2 | |
| 998 | @aECN | |
| Linguistic semantics : : an introduction = 语义学引论 / / John Lyons著 ; 汪榕培导读.-北京 : : 外语教学与研究出版社, , 2000. |
| F37, 381 p. : : ill. ; ; 23 cm.- (当代国外语言学与应用语言学文库) |
| Includes bibliographical references (p. 343-359) and index. |
| ISBN 7560019706 :CNY35.90. |
| ● |
| 相关链接 |
|
|
|
|
正题名:Linguistic semantics
索取号:H030/x172
 
预约/预借
| 序号 | 登录号 | 条形码 | 馆藏地/架位号 | 状态 | 备注 |
| 1 | 0017008 | 300170080 | 第二样本阅览室/ [索取号:H030/x172] | 在馆 | |
| 2 | 0017009 | 300170099 | 第四借阅区/ [索取号:H030/x172] | 在馆 | |
| 3 | 0017010 | 300170106 | 第四借阅区/ [索取号:H030/x172] | 在馆 | |
| 4 | 0017011 | 300170115 | 第四借阅区/ [索取号:H030/x172] | 在馆 | |
| 5 | 0017012 | 300170124 | 第四借阅区/ [索取号:H030/x172] | 在馆 |